00283nam a2200133Ia 45000030006000000080041000060400015000471000019000622450019000812500011001002600009001115460012001200050017001320STCL150530s9999 xx 000 0 und d aSTCLcSTCL aHumayune Kabir aMen and rivers aSecond c1947 aEnglish20220125170637.0